| 000 | 00528nam a22001697a 4500 | ||
|---|---|---|---|
| 005 | 20251108171826.0 | ||
| 008 | 250721s9999 xx 000 0 ara d | ||
| 082 | 1 | 4 | _aط612/غزو |
| 100 | 1 |
_aعدى، غزوان _eاعداد |
|
| 245 | 1 | 0 |
_aجسم النسان : _bاللقاح / |
| 264 | 1 |
_aدمشق : _bدار المؤيد، _c[19-]. |
|
| 300 | _a40ص | ||
| 490 | 0 | _aالموسوعة العربية المبسطة للمعارف والعلوم | |
| 650 | 1 | 7 | _aالفسيولوجيا |
| 942 |
_2ddc _cBK |
||
| 999 |
_c63560 _d63560 |
||